<?xml version="1.0" encoding="UTF-8"?>
<record
    xmlns:xsi="http://www.w3.org/2001/XMLSchema-instance"
    xsi:schemaLocation="http://www.loc.gov/MARC21/slim http://www.loc.gov/standards/marcxml/schema/MARC21slim.xsd"
    xmlns="http://www.loc.gov/MARC21/slim">

  <leader>02210nas a2200277Ia 4500</leader>
  <controlfield tag="001">R261-R4563</controlfield>
  <controlfield tag="003">IT-CnALBA</controlfield>
  <controlfield tag="008">170116c99999999xx ||||||||||||   ||und||</controlfield>
  <datafield tag="040" ind1=" " ind2=" ">
    <subfield code="a">IT-CnALBA</subfield>
    <subfield code="c">IT-CnALBA</subfield>
  </datafield>
  <datafield tag="041" ind1=" " ind2=" ">
    <subfield code="a">ITALIANO</subfield>
  </datafield>
  <datafield tag="100" ind1=" " ind2=" ">
    <subfield code="a">GUALTIERI FRANCO</subfield>
  </datafield>
  <datafield tag="210" ind1=" " ind2=" ">
    <subfield code="a">STUDI SOCIALI</subfield>
  </datafield>
  <datafield tag="222" ind1=" " ind2=" ">
    <subfield code="a">STUDI SOCIALI</subfield>
  </datafield>
  <datafield tag="245" ind1=" " ind2="0">
    <subfield code="a">STUDI SOCIALI. NOVEMBRE 1994. </subfield>
  </datafield>
  <datafield tag="250" ind1=" " ind2=" ">
    <subfield code="a">1a ed.</subfield>
  </datafield>
  <datafield tag="260" ind1=" " ind2=" ">
    <subfield code="a"> BOLOGNA - NAPOLI</subfield>
    <subfield code="b">DEHONIANE EDIZIONI </subfield>
    <subfield code="c">1994 [1&#xB0; Ed.:1994 - Ed.Ling.Originale: 1994]</subfield>
  </datafield>
  <datafield tag="300" ind1=" " ind2=" ">
    <subfield code="a">94 p. </subfield>
  </datafield>
  <datafield tag="310" ind1=" " ind2=" ">
    <subfield code="a">MENSILE</subfield>
  </datafield>
  <datafield tag="362" ind1=" " ind2=" ">
    <subfield code="a">Fascicolo: 11 / Anno: 33 (1994)</subfield>
  </datafield>
  <datafield tag="500" ind1=" " ind2=" ">
    <subfield code="a">I CATTOLICI E L'ECONOMIA DI MERCATO. ETICA DI RESPONSABILIT&#xC0; E SOGGETTIVITA' OBLATIVA. IL LAVORO BENE DELLA FAMIGLIA. BRUTTI N. SCENARI PER L'OCCUPAZIONE E MIGRAZIONI NELL'AREA DEL MEDITERRANEO, KOKKALIARI E. XIGU S. PARTECIPAZIONE DI TUTTI ALLLA VITA ECONOMICA, SVILUPPO RISCHIO SOLIDARIET&#xC0;, SAVONA P. SVILUPPO DELL'ECONOMIA ITALIANA E DEL MEZZOGIORNO, FAZIO A. DEBITO PUBBLICO, GALLONI N. SICUREZZA ALIMENTARE NEI PAESI IN VIA DI SVILUPPO, BERNARDI L. PRIORITA' DELLA FORMAZIONE CULTURALE NELLE MEGALOPOLI, AJASSA M. PROBLEMATICHE ATTUALI E FUTURE PER LE CASE DI RIPOSO., BENFATTO S. SUL FEDERALISMO, VANNICELLI L. LA PRIMAVERA CRISTIANA, RELIGIONE DELL'UOMO CONTEMPORANEO, PAGLIETTI A. RECENSIONI. </subfield>
  </datafield>
  <datafield tag="501" ind1=" " ind2=" ">
    <subfield code="a">Societ&#xE0; San Paolo EM - Piazza San Paolo, 14 - 12051 ALBA (CN)  (non commercial uses only) &#xAE; Copyright 2017</subfield>
  </datafield>
  <datafield tag="520" ind1=" " ind2=" ">
    <subfield code="a">I CATTOLICI E L'ECONOMIA DI MERCATO. ETICA DI RESPONSABILIT&#xC0; E SOGGETTIVITA' OBLATIVA. IL LAVORO BENE DELLA FAMIGLIA. BRUTTI N. SCENARI PER L'OCCUPAZIONE E MIGRAZIONI NELL'AREA DEL MEDITERRANEO, KOKKALIARI E. XIGU S. PARTECIPAZIONE DI TUTTI ALLLA VITA ECONOMICA, SVILUPPO RISCHIO SOLIDARIET&#xC0;, SAVONA P. SVILUPPO DELL'ECONOMIA ITALIANA E DEL MEZZOGIORNO, FAZIO A. DEBITO PUBBLICO, GALLONI N. SICUREZZA ALIMENTARE NEI PAESI IN VIA DI SVILUPPO, BERNARDI L. PRIORITA' DELLA FORMAZIONE CULTURALE NELLE MEGALOPOLI, AJASSA M. PROBLEMATICHE ATTUALI E FUTURE PER LE CASE DI RIPOSO., BENFATTO S. SUL FEDERALISMO, VANNICELLI L. LA PRIMAVERA CRISTIANA, RELIGIONE DELL'UOMO CONTEMPORANEO, PAGLIETTI A. RECENSIONI. </subfield>
  </datafield>
  <datafield tag="650" ind1=" " ind2=" ">
    <subfield code="a">TEOLOGIA SOCIALE</subfield>
  </datafield>
  <datafield tag="942" ind1=" " ind2=" ">
    <subfield code="c">CR</subfield>
  </datafield>
  <datafield tag="957" ind1=" " ind2=" ">
    <subfield code="7">1</subfield>
  </datafield>
  <datafield tag="999" ind1=" " ind2=" ">
    <subfield code="a">14617</subfield>
    <subfield code="b">NO</subfield>
    <subfield code="g">1</subfield>
    <subfield code="c">322575</subfield>
    <subfield code="d">322575</subfield>
  </datafield>
  <datafield tag="952" ind1=" " ind2=" ">
    <subfield code="0">0</subfield>
    <subfield code="1">0</subfield>
    <subfield code="4">0</subfield>
    <subfield code="6">R_261R4563</subfield>
    <subfield code="7">1</subfield>
    <subfield code="a">ALBA</subfield>
    <subfield code="b">ALBA</subfield>
    <subfield code="d">2017-01-16</subfield>
    <subfield code="l">0</subfield>
    <subfield code="o">R261-R4563</subfield>
    <subfield code="r">2017-01-16 00:00:00</subfield>
    <subfield code="w">2017-01-16</subfield>
    <subfield code="y">CR</subfield>
    <subfield code="z">(data import: 16 gennaio 2017) - By Epidotti, Vaglietti. </subfield>
  </datafield>
</record>
